000 00288nam a2200109Ia 4500
001 588808
005 20250717120838.0
008 250717s9999 xx 000 0 und d
245 0 _aV-14 HAMMİT KIRIK HARAMİLER
_cM.SALİH SIRMAÇEKİÇ
260 _bTİMAŞ YAYINLARI
_c2016
300 _b120
999 _c588808
_d588808